| 000 | 00421nam a2200157Ia 4500 | ||
|---|---|---|---|
| 003 | OSt | ||
| 005 | 20230529143944.0 | ||
| 008 | 211028s2015 xx 000 0 und d | ||
| 040 | _cAIMIT LIBRARY | ||
| 041 | _aeng | ||
| 100 |
_aNaik, Siddhant; Prabhu, S Aravinda. _98586 _e131916 |
||
| 110 |
_aS Aravinda Prabhu _98587 |
||
| 245 | _aInvoice and stock management system. | ||
| 260 |
_aMangalore _c2015 |
||
| 942 |
_2ddc _cPRO |
||
| 999 |
_c219962 _d219962 |
||